The musculoskeletal system: basic science and clinical conditions. (2nd ed.) (Record no. 32127)

MARC details
000 -LEADER
fixed length control field 00791nam a2200205 a 4500
008 - FIXED-LENGTH DATA ELEMENTS--GENERAL INFORMATION
fixed length control field 130516s2010 ||||||||||||||||| || u
020 ## - INTERNATIONAL STANDARD BOOK NUMBER
International Standard Book Number 9780702033773
050 ## - LIBRARY OF CONGRESS CALL NUMBER
Classification number RC 925 Muc
100 ## - MAIN ENTRY--PERSONAL NAME
Personal name Taylor, Thomas
245 14 - TITLE STATEMENT
Title The musculoskeletal system: basic science and clinical conditions. (2nd ed.)
Statement of responsibility, etc. by Philip Sambrook (and others)
250 ## - EDITION STATEMENT
Edition statement 2nd ed.
260 ## - PUBLICATION, DISTRIBUTION, ETC.
Place of publication, distribution, etc. Edinburgh, London:
Name of publisher, distributor, etc. Elsevier
Date of publication, distribution, etc. 2010
300 ## - PHYSICAL DESCRIPTION
Extent 174p.: ill.
650 ## - SUBJECT ADDED ENTRY--TOPICAL TERM
Topical term or geographic name entry element MUSCULOSKELETAL DISEASES
650 ## - SUBJECT ADDED ENTRY--TOPICAL TERM
Topical term or geographic name entry element MUSCULOSKELETAL SYSTEM-DISEASES
700 ## - ADDED ENTRY--PERSONAL NAME
Personal name Schrieber, Leslie
700 ## - ADDED ENTRY--PERSONAL NAME
Personal name Ellis, Andrew
700 ## - ADDED ENTRY--PERSONAL NAME
Personal name Sambrook, Philip
995 ## -
-- MEDICAL LIBRARY OPEN ACCESS
-- 902048
-- CBU-SCHOOL OF MEDICINE LIBRARY (Ndola)
-- RC 925 Muc
-- 1
-- AVAILABLE
-- May 21, 2013
-- 902048
-- Medical Library Open Access Collection
999 ## -
-- 32127
-- 32127
Holdings
Withdrawn status Lost status Source of classification or shelving scheme Damaged status Not for loan Permanent Location Current Location Shelving location Date acquired Total Checkouts Full call number Barcode Date last seen Price effective from Koha item type
          CBU-SCHOOL OF MEDICINE LIBRARY, NDOLA. CBU-SCHOOL OF MEDICINE LIBRARY, NDOLA.   11/30/2022   RC 925 Muc 902048 11/30/2022 11/30/2022 MONOGRAPH